| 000 | 00503nam a22001817a 4500 | ||
|---|---|---|---|
| 003 | OSt | ||
| 005 | 20241212130513.0 | ||
| 008 | 241212b |||||||| |||| 00| 0 eng d | ||
| 020 | _a9780673466259 | ||
| 040 | _c. | ||
| 050 |
_aQH308.2 _b.W35 |
||
| 100 | _aWallace, Robert A. | ||
| 245 |
_aBiology/ _bthe world of life _cRobert A. Wallace |
||
| 250 | _a6th ed. | ||
| 260 |
_aNew York _bHarper Collins Publishers _c1992 |
||
| 300 |
_axx. various paging _bill. some color _c26cm |
||
| 942 |
_2lcc _cBK _n0 _e6th ed. |
||
| 999 |
_c2109 _d2109 |
||